|
|
|
|
| LEADER |
00681naa a2200169 i 4500 |
| 001 |
misc29271 |
| 005 |
20200430141835.0 |
| 008 |
180118s1966 hu o 0|| zxx d |
| 040 |
|
|
|a SZTE Miscellanea Repozitórium
|b hun
|
| 041 |
|
|
|a zxx
|
| 100 |
1 |
|
|a Herepei János
|
| 245 |
1 |
0 |
|a Apáczai Csere János könyvtárának töredéke
|h [elektronikus dokumentum] /
|c Herepei János
|
| 260 |
|
|
|c 1966
|
| 300 |
|
|
|a 496-507
|
| 490 |
0 |
|
|a Adattár XVII. századi szellemi mozgalmaink történetéhez
|v 2
|
| 695 |
|
|
|a Művelődéstörténet - magyar - 17. sz., Magánkönyvtár - Erdély, 17. sz., Apáczai Csere János
|
| 856 |
4 |
0 |
|u http://misc.bibl.u-szeged.hu/29271/1/ad_002_496-507.pdf
|z Dokumentum-elérés
|